APPLIED PSYCHOLOGY FOR BSC NURSING (Record no. 216000)

MARC details
000 -LEADER
fixed length control field 00363nam a2200133Ia 4500
008 - FIXED-LENGTH DATA ELEMENTS--GENERAL INFORMATION
fixed length control field 230704s9999 xx 000 0 und d
020 ## - INTERNATIONAL STANDARD BOOK NUMBER
International Standard Book Number 9789392019142
100 ## - MAIN ENTRY--PERSONAL NAME
Personal name GIRI, SAKUNTALA
245 #0 - TITLE STATEMENT
Title APPLIED PSYCHOLOGY FOR BSC NURSING
260 ## - PUBLICATION, DISTRIBUTION, ETC.
Name of publisher, distributor, etc. BOOKERA PUBLISHERS & DISTRIBUTORS, JAIPUR
Date of publication, distribution, etc. 2021
300 ## - PHYSICAL DESCRIPTION
Extent 236
650 ## - SUBJECT ADDED ENTRY--TOPICAL TERM
Topical term or geographic name entry element Anatomy & Physiology
942 ## - ADDED ENTRY ELEMENTS (KOHA)
Koha item type Book
Holdings
Withdrawn status Lost status Source of classification or shelving scheme Damaged status Not for loan Home library Current library Shelving location Date acquired Total Checkouts Barcode Date last seen Price effective from Koha item type Public note
    Dewey Decimal Classification     Mewar University Central Library Mewar University Central Library Nursing 15/05/2023   NR4198 13/07/2023 13/07/2023 Book Nursing R-6 S-5
    Dewey Decimal Classification     Mewar University Central Library Mewar University Central Library Nursing 15/05/2023   NR4199 13/07/2023 13/07/2023 Book Nursing R-6 S-5
    Dewey Decimal Classification     Mewar University Central Library Mewar University Central Library Nursing 15/05/2023   NR4200 13/07/2023 13/07/2023 Book Nursing R-6 S-5